ARRUPE JESUIT UNIVERSITY

CORONAVIRUS -STOP THE SPREAD - CLEAN,DISINFECT,COVER

Starting with Merleau-Ponty / (Record no. 119235)

MARC details
000 -LEADER
fixed length control field 01051cam a22003014a 4500
001 - CONTROL NUMBER
control field 16943015
003 - CONTROL NUMBER IDENTIFIER
control field ARRUPE
005 - DATE AND TIME OF LATEST TRANSACTION
control field 20150804020014.0
008 - FIXED-LENGTH DATA ELEMENTS--GENERAL INFORMATION
fixed length control field 110901s2012 nyua b 001 0 eng
010 ## - LIBRARY OF CONGRESS CONTROL NUMBER
LC control number 2011036464
020 ## - INTERNATIONAL STANDARD BOOK NUMBER
International Standard Book Number 9781847062802 (hardcover : alk. paper)
020 ## - INTERNATIONAL STANDARD BOOK NUMBER
International Standard Book Number 9781847062819 (pbk. : alk. paper)
020 ## - INTERNATIONAL STANDARD BOOK NUMBER
International Standard Book Number 9781441174789 (pdf)
020 ## - INTERNATIONAL STANDARD BOOK NUMBER
International Standard Book Number 9781441118981 (epub)
040 ## - CATALOGING SOURCE
Original cataloging agency DLC
Transcribing agency DLC
Modifying agency DLC
050 00 - LIBRARY OF CONGRESS CALL NUMBER
Classification number B2430.M3764
Item number M67 2012
082 00 - DEWEY DECIMAL CLASSIFICATION NUMBER
Classification number 194
Edition number 23
300 ## - PHYSICAL DESCRIPTION
Other physical details ill. ;
Dimensions 22 cm.
100 1# - MAIN ENTRY--PERSONAL NAME
Personal name Morris, Katherine J.
9 (RLIN) 5607
245 10 - TITLE STATEMENT
Title Starting with Merleau-Ponty /
Statement of responsibility, etc Katherine J. Morris.
260 ## - PUBLICATION, DISTRIBUTION, ETC. (IMPRINT)
Place of publication, distribution, etc London ;
-- New York, NY :
Name of publisher, distributor, etc Continuum,
Date of publication, distribution, etc c2012.
300 ## - PHYSICAL DESCRIPTION
Extent xviii, 192 p. :
490 0# - SERIES STATEMENT
Series statement Starting with--
504 ## - BIBLIOGRAPHY, ETC. NOTE
Bibliography, etc Includes bibliographical references (p. [150]-184 ) and index.
600 10 - SUBJECT ADDED ENTRY--PERSONAL NAME
Personal name Merleau-Ponty, Maurice,
Dates associated with a name 1908-1961.
9 (RLIN) 5608
906 ## - LOCAL DATA ELEMENT F, LDF (RLIN)
a 7
b cbc
c orignew
d 1
e ecip
f 20
g y-gencatlg
942 ## - ADDED ENTRY ELEMENTS (KOHA)
Source of classification or shelving scheme Library of Congress Classification
Koha item type Monograph ( Printed materials)
Koha issues (borrowed), all copies 2
Holdings
Withdrawn status Lost status Source of classification or shelving scheme Damaged status Not for loan Home library Current library Shelving location Date acquired Total Checkouts Full call number Barcode Date last seen Date checked out Price effective from Koha item type
    Library of Congress Classification     ARRUPE LIBRARY ARRUPE LIBRARY Main Collection 13/12/2013 7 B2430.M3764 M67 2012 46500000115 02/05/2018 04/04/2018 13/12/2013 Monograph ( Printed materials)

 

Arrupe Library. PO Box MP320 Mt Pleasant, Harare, Zimbabwe
263 242 745411|librarian@aju.ac.zw